[Event "IECG CM.1999.0.00069"]
[Site "IECG email"]
[Date "1999.??.??"]
[Round "?"]
[White "Dulik, Jorge Pedro"]
[Black "Skarica, Alan"]
[Result "1/2-1/2"]
[WhiteElo "2235"]
[BlackElo "2290"]
[PlyCount "63"]
[EventDate "1999.02.19"]
[EventType "tourn (corr)"]
[EventRounds "6"]
[SourceTitle "Corr 2008"]
[Source "ChessBase"]
[SourceDate "2008.06.24"]
[SourceVersion "1"]
[SourceVersionDate "2008.06.24"]
[SourceQuality "1"]

1. e4 e6 2. d3 d5 3. Nd2 Nf6 4. Ngf3 b6 5. c3 Be7 6. Qa4+ c6 7. e5 Nfd7 8. d4 f6 9. exf6 Bxf6 10. Bd3 0-0 11. 0-0 e5 12. dxe5 Bxe5 13. Qc2 g6 14. Re1 Bg7 15. Nf1 Nf6 16. Bg5 Na6 17. Nd4 Qd6 18. Bxa6 Bxa6 19. Ne6 Rf7 20. Bf4 Qd7 21. Nxg7 Kxg7 22. f3 Nh5 23. Be5+ Kg8 24. Ne3 Nf6 25. Bxf6 Rxf6 26. Qa4 Bc8 27. Ng4 Re6 28. Rad1 h5 29. Ne5 Qd6 30. Qf4 Rf6 31. Qh4 Bf5 32. c4 1/2-1/2

[Event "IECG CM.1999.0.00069"]
[Site "IECG email"]
[Date "1999.??.??"]
[Round "?"]
[White "Efendiyev, Enver Mikhailovich"]
[Black "Skarica, Alan"]
[Result "1/2-1/2"]
[WhiteElo "2262"]
[BlackElo "2290"]
[PlyCount "54"]
[EventDate "1999.02.19"]
[EventType "tourn (corr)"]
[EventRounds "6"]
[SourceTitle "Corr 2008"]
[Source "ChessBase"]
[SourceDate "2008.06.24"]
[SourceVersion "1"]
[SourceVersionDate "2008.06.24"]
[SourceQuality "1"]

1. e4 c5 2. Nf3 Nc6 3. d4 cxd4 4. Nxd4 Nf6 5. Nc3 e5 6. Ndb5 d6 7. Bg5 a6 8. Na3 b5 9. Nd5 Be7 10. Bxf6 Bxf6 11. c3 0-0 12. Nc2 Bg5 13. a4 bxa4 14. Rxa4 Bb7 15. h4 Bh6 16. g4 Bf4 17. Qf3 Ne7 18. Nxf4 exf4 19. Qxf4 d5 20. h5 dxe4 21. Rd4 Nd5 22. Qd2 Qb6 23. Ne3 Nf4 24. h6 Rfd8 25. hxg7 Rxd4 26. cxd4 Rd8 27. Bc4 Nd3+ 1/2-1/2

[Event "IECG CM.1999.0.00069"]
[Site "IECG email"]
[Date "1999.??.??"]
[Round "?"]
[White "Tarmak, Mart"]
[Black "Skarica, Alan"]
[Result "1/2-1/2"]
[WhiteElo "2270"]
[BlackElo "2290"]
[PlyCount "48"]
[EventDate "1999.02.19"]
[EventType "tourn (corr)"]
[EventRounds "6"]
[SourceTitle "Corr 2008"]
[Source "ChessBase"]
[SourceDate "2008.06.24"]
[SourceVersion "1"]
[SourceVersionDate "2008.06.24"]
[SourceQuality "1"]

1. e4 e6 2. d4 d5 3. Nd2 c5 4. exd5 Qxd5 5. Ngf3 cxd4 6. Bc4 Qd6 7. 0-0 Nf6 8. Nb3 Nc6 9. Nbxd4 Nxd4 10. Nxd4 Bd7 11. c3 Qc7 12. Bb3 0-0-0 13. Qe2 Kb8 14. Nb5 Bxb5 15. Qxb5 Ng4 16. Qh5 f5 17. Bg5 Be7 18. Bxe7 Qxe7 19. Rad1 g6 20. Qh3 h5 21. Rfe1 e5 22. Qf3 Qg5 23. Rxd8+ Rxd8 24. Rd1 Rd2 1/2-1/2